| 000 | 00775nam a2200289Ia 4500 | ||
|---|---|---|---|
| 001 | E7465 | ||
| 003 | IT-RoPAU | ||
| 008 | 130308s9999 xx 000 0 und d | ||
| 040 | _aIT-RoPAU | ||
| 040 | _cIT-RoPAU | ||
| 041 | _aINGLESE | ||
| 100 | _aBenjamin Walter | ||
| 100 | _gCodice Aut. SPICS: 9336 | ||
| 245 | _aWhat Is Epic Theater? | ||
| 245 | _bTwentieth-Century Performance Reader (The) | ||
| 250 | _a1a ed. | ||
| 260 | _aLONDON AND NEW YORK | ||
| 260 | _bRoutledge | ||
| 260 | _c1996 [1° Ed.:1996 - Ed.Ling.Originale:1939] | ||
| 300 | _a"8 p. (prefazione: no ; testo: 8 [pagine: 64-71])" | ||
| 500 | _aCosa e Teatro Epico? | ||
| 650 | _aLINGUAGGIO TEATRALE | ||
| 650 | _eCodice materia Spics: 8404 | ||
| 942 | _cBK | ||
| 957 | _71 | ||
| 999 |
_c86609 _d86609 |
||
| 999 | _g1 | ||